| 000 | 03915 a2200481 4500 | ||
|---|---|---|---|
| 005 | 20090506142715.0 | ||
| 008 | 090506t xxu||||| |||| 00| 0 eng d | ||
| 010 | _aENG-89205 B-312348-357 B-321213 | ||
| 020 |
_a9788120334120 _c295.00 |
||
| 035 | _aEN-72738 | ||
| 035 | _aB-312348-357, B-321213 | ||
| 035 | _aB-357602 | ||
| 037 | _bDBAD / PUB | ||
| 040 |
_adpl _bEnglish |
||
| 082 | _a658.302 | ||
| 100 | _aRobbins, Stephen P. | ||
| 245 |
_aTraining in interpersonal skills : _bTips for managing people at work / _cby Stephen P. Robbins [and] Phillip L. Hunsaker |
||
| 250 | _a4th ed. | ||
| 260 |
_aNew Delhi _bPrentice-Hall of India _c2008 |
||
| 270 |
_aM-97, Connaught Circus _bNew Delhi _e110001 |
||
| 300 |
_avi, 305p. : _bill. _c24 cm ( pbk) |
||
| 500 | _aIncludes index | ||
| 650 | _aSupervision of employees. | ||
| 650 | _aInterpersonal communication. | ||
| 700 | _aHunsaker, Phillip L. | ||
| 942 |
_adpl _cEN _2ddc _h658.302 _mROB |
||
| 999 |
_c10243 _d10243 |
||